Холстомер: История лошади. [Повесть. Для старшего школьного возраста]

Бібліографічні деталі
Автор: Толстой Л. Н. Лев Николаевич
Інші автори: Пластов А. А. (иллюстратор)
Мова:Російська
Опубліковано: Москва, Советская Россия, 1978
Предмети:
Формат: Книга
KOHA link:https://koha.lib.tpu.ru/cgi-bin/koha/opac-detail.pl?biblionumber=120893

MARC

LEADER 00000nam0a2200000 4500
001 120893
005 20241017063203.0
035 |a (RuTPU)RU\TPU\book\130905 
090 |a 120893 
100 |a 20070906d1978 d a0rusy5003 ca 
101 0 |a rus 
102 |a RU 
105 |a a z 000zy 
200 1 |a Холстомер  |e История лошади. [Повесть. Для старшего школьного возраста]  |f Л. Н. Толстой  |g худож. А. А. Пластов 
210 |a Москва  |c Советская Россия  |d 1978 
215 |a 80 с.  |d 21 см  |c ил. 
610 0 |a Лошади 
610 0 |a детская литература 
675 |a Р1  |z rus 
700 1 |a Толстой  |b Л. Н.  |c граф  |c русский писатель  |c член-корреспондент, почетный академик Петербургской АН  |f 1829-1910  |g Лев Николаевич  |7 ca  |8 rus  |2 stltpush  |3 (RuTPU)RU\TPU\pers\497  |9 238 
702 1 |a Пластов  |b А. А.  |4 440 
801 0 |a RU  |b RuMRKP  |c 19950704  |g psbo 
801 1 |a RU  |b 63413507  |c 20070906  |g PSBO 
801 2 |a RU  |b 63413507  |c 20070906  |g PSBO 
942 |c BK